| 000 | 01042njm a22002897a 4500 | ||
|---|---|---|---|
| 005 | 2010092003203.0 | ||
| 007 | sd ammalaaahaa | ||
| 008 | 100910t xxu||||| |||| 00| 0 eng d | ||
| 028 |
_a3AEX. 5036 _bOdeon |
||
| 035 | _aGR-03807 | ||
| 040 |
_aSED _cSED |
||
| 100 |
_aMukesh _919365 |
||
| 245 |
_aSangam / _csung by Mukesh...[et.al] ; music Shankar Jaikishan ; lyric Shailendra _h[sound recording] : |
||
| 246 | _aसंगम (मुकेश) | ||
| 260 |
_aDum Dum India _bOdeon _c1964 |
||
| 300 |
_a1 sound disc [Gramophone Recording] : _banalog, 33 1/3 rpm ; _c12 in. (SP) _fGramaphone Records |
||
| 500 | _aBrief record. | ||
| 500 | _aRecord Lebels : Odeon, Black | ||
| 505 | _aSide1 Bol radha bol, Side-2 Mai ka karoon | ||
| 600 |
_aBhosle, Asha _919611 |
||
| 650 |
_2Excerpts. _aClassical Music _bIndia _919366 _vFilm song |
||
| 700 |
_aShankar Jaikishan _919421 |
||
| 700 |
_aShailendra _919612 |
||
| 700 | _919613 | ||
| 942 |
_2ddc _cGR |
||
| 999 |
_c46979 _d46979 |
||